000 00972nam a22003257a 4500
001 BR2010001410
003 BR-BrBNA
005 20230928103229.0
007 ta
008 230509b bl.||||| |||| 00| 0 por d
040 _aBR-BrBNA
_bpor
_cBiblioteca Nacional de Agricultura
041 _a(Por)
072 _aE70; E71
_b2120
090 _ 2120 BR2010001410
100 1 _aRufino, J.L. dos S.(ed.)
100 1 _aÄrêdes, A.F. de(ed.)
110 1 _aEMBRAPA Café, Brasília, DF (Brasil)
245 1 _aMercados interno e externo do café brasileiro
260 3 _aBrasília, DF (Brasil):
_bEMBRAPA Informação Tecnológica,
_c2009.
300 _a270 p.
500 _aSeveral bibliography; 56 tables; 49 illus.
650 _aCAFÉ
650 _aCOMERCIALIZAÇÃO
650 _aCOMÉRCIO EXTERIOR
650 _aMERCADO INTERNACIONAL
650 _aCOMÉRCIO INTERNO
650 _aMERCADO NACIONAL
909 _a202309
_bLucia
_c55
_dLucia Elande
942 _cBK
999 _c74224
_d74224